[Event "Los Angeles 73/(84)"]
[Site "?"]
[Date "1998.??.??"]
[Round "?"]
[White "Atalik, Suat"]
[Black "Kreiman, Boris"]
[Result "1-0"]
[WhiteElo "2585"]
[BlackElo "2455"]
[PlyCount "45"]
[EventDate "1998.??.??"]
[Source "ChessBase"]
[SourceDate "1998.06.01"]

1. d4 Nf6 2. c4 e6 3. g3 c5 4. d5 exd5 5. cxd5 d6 6. Nc3 g6 7. Nf3 Na6 8. Bg2 Bg7 9. O-O O-O 10. Nd2 Nc7 11. Nc4 b5 12. Nxd6 Qxd6 13. Bf4 Qb6 14. d6 Rd8 15. dxc7 Rxd1 16. Raxd1 Bb7 17. Bxb7 Qxb7 18. Rd8+ Ne8 19. Rb8 Qc6 20. Nxb5 Bf8 21. Nxa7 Qxc7 22. Bxc7 Rxa7 23. Bb6 1-0

[Event "Platonov Memorial"]
[Site "Kiev UKR"]
[Date "1995.??.??"]
[Round "3"]
[White "Mochalov, Evgeny V"]
[Black "Savchenko, Stanislav"]
[Result "1/2-1/2"]
[WhiteElo "2455"]
[BlackElo "2585"]
[PlyCount "38"]
[EventDate "1995.??.??"]
[Source "www.chesslib.no"]
[SourceDate "2004.05.04"]

1. d4 Nf6 2. c4 c5 3. d5 e6 4. Nc3 exd5 5. cxd5 Bd6 6. e4 Qe7 7. Bd3 c4 8. Bc2 Bc5 9. Nf3 d6 10. h3 O-O 11. O-O Nbd7 12. Bf4 a6 13. a4 Ne5 14. Bxe5 dxe5 15. Nd2 g6 16. Nxc4 Bd7 17. d6 Qe8 18. Qf3 Kg7 19. a5 Bb5 1/2-1/2

[Event "Goodricke 13th op"]
[Site "Calcutta"]
[Date "2002.03.25"]
[Round "9"]
[White "Gleizerov, Evgeny"]
[Black "Sandipan, Chanda"]
[Result "0-1"]
[WhiteElo "2587"]
[BlackElo "2452"]
[PlyCount "90"]
[EventDate "2002.03.17"]
[Source "ChessBase"]
[SourceDate "2002.03.21"]

1. d4 Nf6 2. c4 e6 3. g3 c5 4. d5 exd5 5. cxd5 b5 6. Bg2 d6 7. e4 Bb7 8. f4 g6 9. e5 Qe7 10. Nf3 Nxd5 11. O-O Nd7 12. exd6 Qxd6 13. Re1+ Be7 14. Nc3 N7f6 15. Nxb5 Qb6 16. a4 O-O 17. Ne5 c4+ 18. Kh1 Rac8 19. Qe2 Rfd8 20. h3 Bb4 21. Rf1 c3 22. b3 Re8 23. Kh2 Nd7 24. Qf3 Nc5 25. Nc4 Qf6 26. Ncd6 Ne3 27. Nxb7 Nxf1+ 28. Qxf1 c2 29. Ra2 Nxb3 30. Bb2 Qb6 31. a5 Qe3 32. Qf3 Qxf3 33. Bxf3 c1=Q 34. Bxc1 Nxc1 35. Rg2 Re3 36. Bd5 a6 37. N5d6 Bxd6 38. Nxd6 Rd8 39. Nc4 Rc3 40. Nb6 Rc5 41. Rd2 Kg7 42. Rd1 Ne2 43. Re1 Nc3 44. Bc4 Rd2+ 45. Kg1 Rxa5 0-1

[Event "It"]
[Site "?"]
[Date "2005.08.13"]
[Round "10"]
[White "Krush Irina"]
[Black "Nataf Igor-Alexandre"]
[Result "1-0"]
[WhiteElo "2452"]
[BlackElo "2583"]
[PlyCount "199"]
[EventDate "2005.??.??"]
[Source "www.chesslib.no"]
[SourceDate "2004.05.04"]

1. d4 Nf6 2. c4 c5 3. d5 e6 4. Nc3 exd5 5. cxd5 Bd6 6. Nf3 Bc7 7. e4 d6 8. Be2 O-O 9. O-O Ba5 10. Nd2 Re8 11. f3 Nbd7 12. Nc4 Bxc3 13. bxc3 Nf8 14. a4 Ng6 15. Be3 Qe7 16. Qd2 Nd7 17. Rae1 Nb6 18. Nb2 Bd7 19. a5 Na4 20. Nxa4 Bxa4 21. Rb1 Rab8 22. Rb2 Bd7 23. Rfb1 Bc8 24. Ba6 Qc7 25. c4 h6 26. Bf2 Ne5 27. Qc3 Ng6 28. Bg3 h5 29. h4 Qe7 30. Qd2 f6 31. Rb3 Rf8 32. Kh2 Rf7 33. Kg1 Qd8 34. R1b2 f5 35. exf5 Nxh4 36. Qe1 Nxf5 37. Re2 Rf8 38. Bf2 Qf6 39. Re8 Qf7 40. Re4 Qf6 41. Re8 h4 42. Kh2 Bd7 43. Rxb8 Rxb8 44. Rxb7 Re8 45. Qd2 Ba4 46. Rc7 Qe5+ 47. f4 Qe4 48. Bc8 Bc2 49. Be6+ Kh7 50. Rxa7 Bd3 51. Qd1 Be2 52. Qc1 Bg4 53. a6 h3 54. gxh3 Bxh3 55. Qg1 Rxe6 56. dxe6 Qf3 57. e7 Bg4 58. Qg2 Qxf4+ 59. Kg1 Qc1+ 60. Kh2 Qh6+ 61. Kg1 Qc1+ 62. Qf1 Qg5 63. e8=Q Bh3+ 64. Kh1 Bxf1 65. Qe4 Qg6 66. Qf3 Bxc4 67. Ra8 Qg5 68. Kh2 Qg6 69. a7 Nh6 70. Rf8 Ng4+ 71. Kh3 Be6 72. a8=Q Nxf2+ 73. Kh4 Qh6+ 74. Qh5 g5+ 75. Kg3 Qxh5 76. Rh8+ Kg6 77. Rxh5 Ng4 78. Qe8+ Bf7 79. Rxg5+ Kxg5 80. Qxf7 Nf6 81. Kf3 d5 82. Qc7 c4 83. Qe5+ Kg6 84. Kf4 Nh5+ 85. Kg4 Nf6+ 86. Kh4 c3 87. Qxc3 Kf5 88. Qd4 Ke6 89. Kg5 Nd7 90. Kf4 Kd6 91. Kf5 Nc5 92. Qf6+ Kc7 93. Qe7+ Kc6 94. Qe8+ Kd6 95. Qd8+ Nd7 96. Kf4 Kc6 97. Ke3 Kd6 98. Kd4 Kc6 99. Qa8+ Kc7 100. Qxd5 1-0

[Event "Kavala"]
[Site "?"]
[Date "2006.07.06"]
[Round "4"]
[White "Banikas Hristos"]
[Black "Esen Baris"]
[Result "1/2-1/2"]
[WhiteElo "2576"]
[BlackElo "2459"]
[PlyCount "87"]
[EventDate "2006.??.??"]
[Source "www.chesslib.no"]
[SourceDate "2004.05.04"]

1. d4 Nf6 2. c4 e6 3. Nf3 c5 4. d5 exd5 5. cxd5 Bd6 6. Nc3 Bc7 7. e4 d6 8. h3 O-O 9. Bd3 a6 10. a4 Re8 11. O-O Nbd7 12. Re1 Nf8 13. Bf4 Ng6 14. Bh2 Rb8 15. Nd2 h6 16. Bf1 Nh7 17. a5 Bd7 18. Nc4 Bb5 19. Nxb5 axb5 20. Na3 Bxa5 21. Bxb5 Bxe1 22. Qxe1 Re7 23. Nc4 Ne5 24. Bxe5 dxe5 25. Qe3 Nf6 26. f3 Nxd5 27. exd5 Qxd5 28. Re1 Rd8 29. Re2 Qd4 30. Kh2 Qxe3 31. Rxe3 f6 32. b3 Kf8 33. Nb6 Rd4 34. Rc3 Rc7 35. Nc4 e4 36. fxe4 Rxe4 37. Rc2 g6 38. Ra2 f5 39. Ra8+ Ke7 40. Rh8 h5 41. Rh7+ Kd8 42. Rh8+ Ke7 43. Rh7+ Kd8 44. Rh8+ 1/2-1/2

[Event "It (Open) Gibraltar ENG"]
[Site "?"]
[Date "2006.01.26"]
[Round "3"]
[White "Grooten Herman"]
[Black "Efimenko Zahar"]
[Result "0-1"]
[WhiteElo "2365"]
[BlackElo "2666"]
[PlyCount "72"]
[EventDate "2006.??.??"]
[Source "www.chesslib.no"]
[SourceDate "2004.05.04"]

1. d4 Nf6 2. c4 e6 3. Nf3 c5 4. d5 exd5 5. cxd5 Bd6 6. Nc3 Bc7 7. e4 d6 8. Nd2 O-O 9. Be2 a6 10. a3 Re8 11. O-O Nbd7 12. Re1 b5 13. b4 Bb6 14. Bb2 Ne5 15. h3 Bd7 16. Nf3 Ng6 17. Bf1 Qc7 18. Qd2 Re7 19. Bd3 Rae8 20. Re2 Nh5 21. Ree1 Qa7 22. Nh2 Ne5 23. Nd1 h6 24. Bf1 cxb4 25. axb4 Ng3 26. Qc3 Nxf1 27. Kxf1 f5 28. exf5 Bxf5 29. Ne3 Nd3 30. Nf3 Bxe3 31. Rxe3 Rxe3 32. fxe3 Rxe3 33. Nd4 Bxh3 34. Kg1 Rg3 35. Qc6 Rxg2+ 36. Kf1 Qf7+ 0-1

[Event "Las Vegas USA"]
[Site "?"]
[Date "2006.06.17"]
[Round "3"]
[White "Mikhalevski Victor"]
[Black "Friedel Joshua E"]
[Result "1-0"]
[WhiteElo "2566"]
[BlackElo "2465"]
[PlyCount "49"]
[EventDate "2006.??.??"]
[Source "www.chesslib.no"]
[SourceDate "2004.05.04"]

1. d4 Nf6 2. c4 e6 3. g3 c5 4. d5 exd5 5. cxd5 b5 6. Bg2 d6 7. e4 Qe7 8. Ne2 Nxe4 9. O-O Nf6 10. Re1 Qb7 11. Nd4+ Be7 12. Bf4 Kf8 13. Nc6 Nxc6 14. dxc6 Qc7 15. Nc3 a6 16. Nd5 Nxd5 17. Qxd5 Be6 18. Rxe6 fxe6 19. Qxe6 Qc8 20. Qd5 Ra7 21. Re1 Qd8 22. Qe6 g6 23. Bh6+ Ke8 24. Bd5 Qa5 25. Bg7 1-0

[Event "Bern Open"]
[Site "Bern SUI"]
[Date "1995.??.??"]
[Round "4"]
[White "Barsov, Alexei"]
[Black "Savchenko, Stanislav"]
[Result "1/2-1/2"]
[WhiteElo "2445"]
[BlackElo "2585"]
[PlyCount "27"]
[EventDate "1995.02.??"]
[Source "www.chesslib.no"]
[SourceDate "2004.05.04"]

1. d4 Nf6 2. c4 c5 3. d5 e6 4. Nc3 exd5 5. cxd5 Bd6 6. Nf3 Bc7 7. d6 Ba5 8. Bg5 h6 9. Bh4 O-O 10. Qc2 Nc6 11. O-O-O Bxc3 12. bxc3 b5 13. Qf5 Qa5 14. Bxf6 1/2-1/2

[Event "NRW-Liga II 9596"]
[Site "GER"]
[Date "1996.??.??"]
[Round "?"]
[White "Notkin, Maksim"]
[Black "Miezis, Normunds"]
[Result "0-1"]
[WhiteElo "2515"]
[BlackElo "2515"]
[PlyCount "100"]
[EventDate "1995.??.??"]
[Source "www.chesslib.no"]
[SourceDate "2004.05.04"]

1. d4 Nf6 2. c4 c5 3. d5 e6 4. Nc3 exd5 5. cxd5 Bd6 6. Nf3 Bc7 7. Bg5 d6 8. e3 O-O 9. Nd2 h6 10. Bh4 Nbd7 11. Be2 a6 12. a4 Re8 13. O-O Rb8 14. Qc2 Qe7 15. Bg3 Ne5 16. e4 Bd7 17. a5 Ng6 18. h3 Qd8 19. Nc4 Bb5 20. Nxb5 axb5 21. Nd2 c4 22. a6 bxa6 23. Rxa6 Bb6 24. Bf3 Ne5 25. Be2 Nfd7 26. Kh2 Nc5 27. Raa1 Ba5 28. Rad1 Ned3 29. f3 Qf6 30. Ra1 Bxd2 31. Bxd3 Bf4 32. Be2 Bxg3+ 33. Kxg3 Qe5+ 34. Kf2 f5 35. Kg1 fxe4 36. fxe4 Qd4+ 37. Kh2 Rxe4 38. Bf3 Rf4 39. Qg6 Rf6 40. Qg3 Nd3 41. Bg4 Rxf1 42. Rxf1 Qe5 43. Qxe5 Nxe5 44. Be6+ Kh8 45. Ra1 b4 46. Ra6 g6 47. Bg4 b3 48. Bd1 Nd3 49. Rc6 Nxb2 50. Be2 Re8 0-1

[Event "Minsk"]
[Site "?"]
[Date "2006.07.17"]
[Round "8"]
[White "Dydyshko Viacheslav"]
[Black "Kislinsky Alexey"]
[Result "1/2-1/2"]
[WhiteElo "2575"]
[BlackElo "2454"]
[PlyCount "103"]
[EventDate "2006.??.??"]
[Source "www.chesslib.no"]
[SourceDate "2004.05.04"]

1. d4 Nf6 2. c4 c5 3. d5 e6 4. Nf3 exd5 5. cxd5 Bd6 6. Bg5 h6 7. Bh4 b5 8. Nbd2 Bb7 9. e4 g5 10. Bg3 Bxg3 11. hxg3 Qe7 12. Bxb5 Nxd5 13. Qb3 Nb6 14. Rc1 f6 15. O-O Nc6 16. Qc3 h5 17. Qxc5 Qxc5 18. Rxc5 h4 19. gxh4 gxh4 20. Re1 O-O-O 21. Nb3 Kb8 22. Rf5 Rh6 23. Nc5 Bc8 24. Rf4 h3 25. g3 Rh5 26. Rc1 Ne5 27. Be2 Rh6 28. Na6+ Kb7 29. Kh2 d6 30. Nd4 Na4 31. b4 Rf8 32. Nc7 Nb6 33. Ncb5 Rd8 34. Nf5 Bxf5 35. exf5 d5 36. Rc7+ Kb8 37. Rxa7 Kc8 38. Ra6 Nbc4 39. Nd4 Nd2 40. Rh4 Rxh4 41. gxh4 Ne4 42. f3 Nf2 43. Bf1 Kb7 44. Ra3 Rh8 45. Bxh3 Rxh4 46. Kg3 Rxd4 47. Kxf2 Nc4 48. Rc3 Rd2+ 49. Kg3 Rxa2 50. Bf1 Nd6 51. Bd3 Rd2 52. Kf4 1/2-1/2

[Event "TCh-RUS, Tomsk RUS"]
[Site "?"]
[Date "2001.??.??"]
[Round "6"]
[White "Iskusnyh, S."]
[Black "Ovetchkin, R."]
[Result "1/2-1/2"]
[WhiteElo "2530"]
[BlackElo "2495"]
[PlyCount "102"]
[EventDate "2001.??.??"]
[Source "www.chesslib.no"]
[SourceDate "2004.05.04"]

1. d4 Nf6 2. c4 e6 3. Nc3 c5 4. d5 exd5 5. cxd5 Bd6 6. g3 O-O 7. Bg2 Re8 8. Nf3 Bc7 9. O-O d6 10. Nd2 a6 11. a3 Nbd7 12. b4 cxb4 13. axb4 Ne5 14. h3 Bb6 15. Qb3 Bf5 16. Bb2 h5 17. Nc4 Bd4 18. Nxe5 Bxe5 19. Rac1 b5 20. e3 Qd7 21. h4 Bd3 22. Rfe1 Qg4 23. Qd1 Qxb4 24. Ba1 Bc4 25. f4 Bxc3 26. Bxc3 Qb3 27. Qd4 Rac8 28. e4 Bxd5 29. Re3 Qc4 30. Qxc4 Rxc4 31. Rd1 Bxe4 32. Bxf6 gxf6 33. Rxd6 a5 34. Rd1 f5 35. Bf1 Rb4 36. Rd5 Bxd5 37. Rxe8+ Kg7 38. Re5 Bc4 39. Bxc4 bxc4 40. Kf2 Rb2+ 41. Kf3 Rb3+ 42. Kf2 Kf6 43. Rc5 c3 44. Rc6+ Ke7 45. Ke3 c2+ 46. Kd4 Rxg3 47. Rxc2 Kf6 48. Rc6+ Kg7 49. Ke5 Rg4 50. Kxf5 Rxh4 51. Rc1 Rg4 1/2-1/2